| 000 | 00471nam a2200193Ia 4500 | ||
|---|---|---|---|
| 003 | GCL | ||
| 040 |
_aGCL / _cGCL |
||
| 082 | 0 | 4 |
_aCH _b833 _bP G |
| 100 | 1 | _aPATIENCE, JOHN | |
| 245 | 1 | 0 |
_aENDE GUT ALLES GUT / _cPATIENCE, JOHN |
| 260 |
_a[S.N] : _bPESTALOZZI- VERLAG ، _c1986 |
||
| 300 | _a57 PP | ||
| 650 | 0 | 4 | _aGERMAN LANGUAGE |
| 650 | 0 | 4 | _aCHILDREN |
| 650 | 0 | 4 | _aGERMAN FICTION |
| 650 | 0 | 4 | _aGERMAN LITERATURE |
| 650 | 0 | 4 | _aCHILDREN - FICTION |
| 942 |
_2ddc _cBK |
||
| 999 |
_c18321 _d18321 |
||